Pequeña historia de la humanidad medieval / (Record no. 28871)

MARC details
000 -LEADER
campo de control de longitud fija 00764nam a2200229 i 4500
001 - NÚMERO DE CONTROL
campo de control 28871
003 - IDENTIFICADOR DE NÚMERO DE CONTROL
campo de control ES-MaACL
005 - FECHA Y HORA DE LA ÚLTIMA TRANSACCIÓN
campo de control 20250912063037.0
007 - CAMPO FIJO DE DESCRIPCIÓN FÍSICA--INFORMACIÓN GENERAL
campo de control de longitud fija t|
008 - DATOS DE LONGITUD FIJA--INFORMACIÓN GENERAL
campo de control de longitud fija 030120s1953 sp ||||1| spa d
100 1# - ENTRADA PRINCIPAL--NOMBRE DE PERSONA
Nombre de persona Bagué, Enric,
Fechas asociadas al nombre 1900-1987
9 (RLIN) 161547
245 10 - MENCIÓN DEL TÍTULO
Título Pequeña historia de la humanidad medieval /
Mención de responsabilidad, etc. Enrique Bagué.
250 ## - MENCION DE EDICION
Mención de edición [1ª ed.].
260 ## - PUBLICACIÓN, DISTRIBUCIÓN, ETC.
Lugar de publicación, distribución, etc. Barcelona :
Nombre del editor, distribuidor, etc. Aymá,
Fecha de publicación, distribución, etc. [1953] (
Fabricante Rafael Salvá)
300 ## - DESCRIPCIÓN FÍSICA
Extensión 198 p., 17 lám. :
Otras características físicas il. ;
Dimensiones 21 cm.
490 1# - MENCIÓN DE SERIE
Mención de serie Manuales ilustrados Telémaco ;
Designación de volumen o secuencia 1
650 #4 - PUNTO DE ACCESO ADICIONAL DE MATERIA--TÉRMINO DE MATERIA
Término de materia o nombre geográfico como elemento de entrada Civilización medieval.
9 (RLIN) 146249
651 #4 - PUNTO DE ACCESO ADICIONAL DE MATERIA--NOMBRE GEOGRÁFICO
Nombre geográfico Europa-
Subdivisión general Historia-
Subdivisión cronológica 0476-1492.
9 (RLIN) 160435
830 0# - PUNTO DE ACCESO ADICIONAL DE SERIE-TÍTULO UNIFORME
Título uniforme Manuales ilustrados Telémaco ;
Designación de volumen o secuencia 1
9 (RLIN) 229284
852 ## - LOCALIZACIÓN
Ubicación ES-MaACL
Número de control de estantería C-5551
Sublocalización o colección R.34544
Holdings
Estatus retirado Estado de pérdida Estado de daño No para préstamo Biblioteca de origen Biblioteca actual Ubicación en estantería Fecha de adquisición Fuente de adquisición Total de préstamos Signatura topográfica completa Código de barras Visto por última vez Precio de reemplazo Tipo de ítem Koha
        Biblioteca del Ateneo de Madrid Biblioteca del Ateneo de Madrid Sala Palomar 17/01/2008     C-5551 1029807 23/02/2023 23/02/2023 Libro impreso